Estadística para psicólogos
Gardado en:
| Autor Principal: | |
|---|---|
| Formato: | Libro |
| Idioma: | Lingua castelá |
| Publicado: |
Madrid
Pirámide
1996
|
| Edición: | 9a. ed |
| Series: | Colección Psicología
|
| Subjects: | |
| Tags: |
Engadir etiqueta
Sen Etiquetas, Sexa o primeiro en etiquetar este rexistro!
|
MARC
| LEADER | 00000nam a2200000 a 4500 | ||
|---|---|---|---|
| 001 | UCP6856 | ||
| 003 | CL-VaPUC | ||
| 008 | 991119e19960000SP |||||||||||||||||spa|d | ||
| 082 | 0 | 4 | |a 519 |b AMO |2 21 |
| 100 | 0 | |a Amón, Jesús |e author |9 436176 | |
| 245 | 1 | 0 | |a Estadística para psicólogos |
| 250 | |a 9a. ed | ||
| 300 | |a v | ||
| 942 | |c BK | ||
| 945 | |d 19991119 00:00:00 |a vberengu | ||
| 260 | |a Madrid |b Pirámide |c 1996 | ||
| 500 | |a v.2: Probabilidad Estadística Inferencial | ||
| 650 | 0 | |a Ciencias matemáticas |9 354013 | |
| 650 | 0 | |a Estadísticas |9 258644 | |
| 650 | 0 | |a Estadísticas matemáticas |9 335044 | |
| 650 | 0 | |a Psicología |9 257863 | |
| 650 | 7 | |a PSICOLOGOS |2 CL-VaPUC |9 334949 | |
| 650 | 0 | |a Teoría de probabilidades |9 336944 | |
| 583 | |a last modification |c 19991119 00:00:00 |k Rodrigo Vera | ||
| 490 | 0 | |a Colección Psicología | |
| 999 | |c 284281 |d 284279 | ||
| 952 | |0 0 |1 0 |4 0 |6 519_000000000000000_AMO_1996 |7 0 |8 A |9 328151 |a BIBEDU |b BIBEDU |d 2019-11-20 |h v.2 |i 3578240 |o 519 AMO 1996 |p 3578240 |r 2019-11-20 |w 2019-11-20 |y BK |k PSI | ||